Nghiên cứu, tính toán, thiết kế và xây dựng mô hình hệ thống chưng luyện liên tục

Đề tai nghiên cứu thiết kế, tính toán sơ đồ dây chuyền của hệ thống liên tục, bố tríc cá máy và thiết bị theo sơ đồ không gian, hệ thống ngưng tụ...

Đã lưu trong:
Sonraí Bibleagrafaíochta
Príomhúdar: Phan, Văn Thơm
Formáid: Leabhar
Teanga:Undetermined
Foilsithe: Cần Thơ Trường Đại học Cần Thơ 2003
Ábhair:
Clibeanna: Cuir Clib Leis
Gan Chlibeanna, Bí ar an gcéad duine leis an taifead seo a chlibeáil!
Thư viện lưu trữ: Trung tâm Học liệu Trường Đại học Cần Thơ
LEADER 00972nam a2200217Ia 4500
001 CTU_205293
008 210402s9999 xx 000 0 und d
082 |a 661.82 
082 |b Th463 
088 |a B2001-31-02 
100 |a Phan, Văn Thơm 
245 0 |a Nghiên cứu, tính toán, thiết kế và xây dựng mô hình hệ thống chưng luyện liên tục 
245 0 |c Phan Văn Thơm (chủ nhiệm đề tài) 
260 |a Cần Thơ 
260 |b Trường Đại học Cần Thơ 
260 |c 2003 
520 |a Đề tai nghiên cứu thiết kế, tính toán sơ đồ dây chuyền của hệ thống liên tục, bố tríc cá máy và thiết bị theo sơ đồ không gian, hệ thống ngưng tụ... 
650 |a Cồn (rượu),Alcohols 
650 |x Hoá học,Chemistry 
904 |i Qhieu 
980 |a Trung tâm Học liệu Trường Đại học Cần Thơ